2933-宝塚市(兵庫県)の駅 - Statistics

General Stats
  • This quiz has been taken 46 times
  • The average score is 9 of 11
Answer Stats
Answer % Correct
宝塚
100%
売布神社
89%
宝塚南口
89%
清荒神
86%
仁川
84%
中山寺
81%
逆瀬川
81%
小林
81%
中山観音
78%
武田尾
70%
山本
70%
No matching quizzes found
Score Distribution
Percent of People with Each Score
Percentile by Number Answered
Your Score History
You have not taken this quiz